Normal view
MARC view
- Horst, Heather A.
Entry Personal Name
001 - CONTROL NUMBER
- control field: 11398
003 - CONTROL NUMBER IDENTIFIER
- control field: NUST
005 - DATE AND TIME OF LATEST TRANSACTION
- control field: 20180703053100.0
008 - FIXED-LENGTH DATA ELEMENTS
- fixed length control field: 180703|| aca||aabn | a|a d
040 ## - CATALOGING SOURCE
- Original cataloging agency: NUST
- Transcribing agency: NUST
100 ## - HEADING--PERSONAL NAME
- Personal name: Horst, Heather A.
670 ## - SOURCE DATA FOUND
- Source citation: Work cat.: (NUST)0: Digital anthropology /, 2012.
